Development of Cotton Fiber Reinforced Composite Material (Record no. 58363)

MARC details
000 -LEADER
fixed length control field 00312nam a22001097a 4500
100 ## - MAIN ENTRY--AUTHOR NAME
Personal name Syed Mohammad Aftab Ali
100 ## - MAIN ENTRY--AUTHOR NAME
Personal name 07ME02
245 ## - TITLE STATEMENT
Title Development of Cotton Fiber Reinforced Composite Material
260 ## - PUBLICATION, DISTRIBUTION, ETC. (IMPRINT)
Place of publication Nawabshah:
Name of publisher QUEST,
Year of publication 2007.
700 ## - ADDED ENTRY--PERSONAL NAME
Personal name Department of Mechanical Engineering
942 ## - ADDED ENTRY ELEMENTS (KOHA)
Koha item type Thesis and Dissertation
Holdings
Withdrawn status Lost status Home library Current library Date acquired Accession Number Koha item type
    Central Library, QUEST, Nawabshah Research Section 19/04/2018 MEP/21-245 Thesis and Dissertation